00632nam a22001812 4500001001100000005001700011008004100028020001700069040001500086100003000101245013900131250001300270260003100283300001900314650008200333700003200415852000300447000002453420151217152303.0131220s xx 000 0 eng d a0199601868 : aKABUcKABU1 aNihoul, Paul.@000018478810aEU Electronic communications law :bcompetition and regulation in the Europeac telecommunication market /cPaul Nihoul, Peter Rodford. a2nd ed. aOxford :bO. U. P.,c2011. axxxvi, 499 p. 0aTelecommunicationxLaw and legislationzEuropean Union countries.@00001847891 aRodford, Peter.@00001847901